Castellano. segundo curso /

Guardado en:
Autor Principal: Goldsack Guiñazu, Alfredo
Formato: Libro
Publicado: Argentina : Kapelusz, 1954
Edición:4a. ed.
Materias:
Etiquetas: Agregar Etiqueta
Sin Etiquetas, Sea el primero en etiquetar este registro!
LEADER 00491nam a22001695a 4500
001 CEM.cems002955
005 19000101000000.0
008 130507s1954##################000#0#####d
003 CEMS
082 0 4 |a 468 
100 1 |a Goldsack Guiñazu, Alfredo 
245 1 0 |a Castellano. segundo curso /  |c Alfredo Goldsack Guiñazu 
250 |a 4a. ed. 
260 |a Argentina :  |b Kapelusz,  |c 1954 
300 |a 426 p. 
653 |a Lengua y literatura 
859 |a CEMS  |b BIB. CEMS - 11 de abril  |h 468  |i G572a4/II  |p 1593.74  |t Ej.1